| 000 | 00462nam a22001817a 4500 | ||
|---|---|---|---|
| 999 |
_c7759 _d7759 |
||
| 003 | OSt | ||
| 005 | 20220301130413.0 | ||
| 008 | 220301b ||||| |||| 00| 0 eng d | ||
| 020 | _a9780631233923 | ||
| 040 | _cDDC | ||
| 082 | _a304.8 THE 2003 | ||
| 100 |
_aJana Evans Braziel _915820 |
||
| 245 | _aTheorizing Diaspora | ||
| 300 |
_aix,345p. _c; 23 cm |
||
| 504 | _aBibliography Index | ||
| 650 |
_aRefugees - history- 20th century _915821 |
||
| 942 |
_2ddc _cBOOK |
||